[Event "9th Lost Boys op"]
[Site "Amsterdam NED"]
[Date "2001.08.17"]
[Round "7"]
[White "Gurevich, Mikhail"]
[Black "Ernst, Sipke"]
[Result "1/2-1/2"]
[WhiteElo "2633"]
[BlackElo "2440"]
[EventDate "2001.08.10"]
[PlyCount "197"]

1.c4 Nf6 2.Nc3 d5 3.cxd5 Nxd5 4.g3 c5 5.Bg2 Nxc3 6.bxc3 g6 7.Rb1 Qc7 8.
Qa4+ Nd7 9.Nf3 Bg7 10.d4 O-O 11.Bf4 e5 12.dxe5 Nxe5 13.O-O Nxf3+ 14.Bxf3 
Be5 15.Bh6 Rd8 16.Bg5 Rf8 17.Be3 a6 18.Qa3 Bd6 19.Rfd1 Re8 20.c4 Rb8 21.
Rxd6 Rxe3 22.Rxg6+ hxg6 23.Qxe3 Be6 24.Qc3 b5 25.cxb5 axb5 26.a3 Qd6 27.h4
Ba2 28.Rb2 b4 29.axb4 cxb4 30.Qd3 Qxd3 31.exd3 Be6 32.Kf1 Kg7 33.Ke2 Kf6 
34.Ke3 b3 35.d4 Bf5 36.Bd5 Re8+ 37.Kf3 Rd8 38.Bxb3 Rxd4 39.Ba2 Rd3+ 40.Ke2
Rd6 41.Rb4 Be6 42.Bb1 Rc6 43.Bd3 Rc3 44.Rb6 Kg7 45.Rb4 Rb3 46.Rd4 Rb2+ 47.
Ke3 Rb3 48.Kf4 Rb2 49.Kf3 Rb3 50.Kf4 Rb2 51.Ke3 Rb3 52.g4 Bc8 53.Kf4 Rb2 
54.Ke3 Rb3 55.Kd2 Rb2+ 56.Ke1 Ra2 57.Be2 Ra1+ 58.Bd1 Be6 59.Ke2 Rc1 60.f3 
Rc4 61.Rd3 Rc5 62.Ra3 Rc1 63.Kd2 Rc8 64.f4 Rh8 65.Rh3 Rd8+ 66.Rd3 Rxd3+ 
67.Kxd3 f6 68.Kd4 Bc8 69.h5 gxh5 70.gxh5 Bh3 71.Kd5 Bf5 72.Kd6 Bd3 73.Ke6 
Bc4+ 74.Ke7 Bd3 75.Bg4 Bc2 76.Be6 Bd3 77.h6+ Kg6 78.h7 Kxh7 79.Kxf6 Kh8 
80.Bf5 Bf1 81.Be4 Bh3 82.Bd5 Bg4 83.Kf7 Bf5 84.Be6 Be4 85.Kf6 Bf3 86.Ke7 
Be4 87.Kf7 Bc2 88.Bd5 Bd3 89.Kf6 Bc2 90.Bf7 Bd1 91.Bg6 Be2 92.Kf7 Bg4 93.
Kf6 Be2 94.Be4 Bf1 95.Ke7 Bh3 96.Bd5 Bf5 97.Be6 Be4 98.f5 Bxf5 99.Bxf5 
1/2-1/2

[Event "9th Lost Boys op"]
[Site "Amsterdam NED"]
[Date "2001.08.17"]
[Round "7"]
[White "Handke, Florian"]
[Black "Gershon, Alik"]
[Result "0-1"]
[WhiteElo "2384"]
[BlackElo "2553"]
[EventDate "2001.08.10"]
[PlyCount "58"]

1.e4 c5 2.Nf3 d6 3.d4 Nf6 4.Nc3 cxd4 5.Nxd4 Nc6 6.Bg5 e6 7.Qd2 Be7 8.O-O-O
O-O 9.Nb3 Qb6 10.f3 a6 11.h4 Qc7 12.h5 b5 13.g4 Ne5 14.Qg2 b4 15.Ne2 a5 
16.Nbd4 a4 17.Kb1 Nc4 18.Bc1 e5 19.g5 exd4 20.Rxd4 b3 21.Nf4 bxa2+ 22.Kxa2
Ne5 23.gxf6 Bxf6 24.Nd5 Be6 25.f4 Bxd5+ 26.exd5 a3 27.bxa3 Rfb8 28.Bb2 Nc4
29.Bxc4 Qxc4+ 0-1

[Event "9th Lost Boys op"]
[Site "Amsterdam NED"]
[Date "2001.08.17"]
[Round "7"]
[White "Ikonnikov, Viacheslav"]
[Black "Hendriks, Willy"]
[Result "1-0"]
[WhiteElo "2552"]
[BlackElo "2321"]
[EventDate "2001.08.10"]
[PlyCount "117"]

1.d4 Nf6 2.Nf3 c5 3.d5 d6 4.Nc3 g6 5.e4 Bg7 6.Bb5+ Nbd7 7.a4 O-O 8.O-O a6 
9.Be2 Rb8 10.Re1 Ne8 11.Nd2 Nc7 12.Nc4 b6 13.Bg5 Ne5 14.Ne3 Nd7 15.Nc4 Ne5
16.Nxe5 Bxe5 17.f4 Bd4+ 18.Kh1 b5 19.Qd2 bxa4 20.Nd1 Bg7 21.Rxa4 Qd7 22.
Ra2 e6 23.Ne3 exd5 24.exd5 Ne8 25.c3 Nf6 26.Bxf6 Bxf6 27.Bxa6 Bxa6 28.Rxa6
Rfe8 29.g3 Re4 30.Raa1 Rbe8 31.Ng2 h5 32.Rxe4 Rxe4 33.Re1 Rxe1+ 34.Nxe1 h4
35.Kg2 Qf5 36.Qd3 Qd7 37.Nf3 h3+ 38.Kf2 Qa4 39.Qd2 Qe4 40.Qd1 c4 41.Qe2 
Qxd5 42.g4 g5 43.Kg3 gxf4+ 44.Kxf4 Be5+ 45.Nxe5 dxe5+ 46.Qxe5 Qg2 47.Qg5+ 
Kf8 48.Qd8+ Kg7 49.Qd4+ Kf8 50.Qd6+ Kg7 51.Kg5 Qxb2 52.Qd4+ Kh7 53.Qxc4 
Qd2+ 54.Kf5 Qxh2 55.Qxf7+ Kh8 56.Qe8+ Kg7 57.Qe7+ Kg8 58.Kg6 Qc2+ 59.Kh6 
1-0

[Event "9th Lost Boys op"]
[Site "Amsterdam NED"]
[Date "2001.08.17"]
[Round "7"]
[White "Gohil, Harry"]
[Black "Michiels, Bart"]
[Result "0-1"]
[WhiteElo "2307"]
[BlackElo "2113"]
[EventDate "2001.08.10"]
[PlyCount "128"]

1.d4 d5 2.Bg5 h6 3.Bh4 c6 4.Nd2 Qb6 5.Nb3 e5 6.e3 Nd7 7.Nf3 e4 8.Nfd2 Ne7 
9.f3 exf3 10.Qxf3 Ng6 11.Bg3 Nf6 12.h3 Be7 13.Bd3 O-O 14.O-O Be6 15.c4 
Rfe8 16.Rac1 a5 17.c5 Qd8 18.Rc2 Nf8 19.Rb1 N8h7 20.Nc1 Ng5 21.Qe2 Nge4 
22.Be1 g5 23.Nxe4 Nxe4 24.b4 g4 25.Bxe4 dxe4 26.bxa5 gxh3 27.Qh5 Bg5 28.
Qe2 hxg2 29.Rxb7 Qf6 30.Qxg2 Kh8 31.Re2 Rg8 32.Bg3 Qf3 33.Kh1 Bf6 34.Rf2 
Qxe3 35.Ne2 Bxd4 36.Rf1 Rg5 37.Qh2 Bg4 38.Nxd4 Rh5 39.Bh4 Qxd4 40.Bf6+ 
Qxf6 41.Rxf6 Bf3+ 42.Rxf3 Rxh2+ 43.Kxh2 exf3 44.Rxf7 Rxa5 45.Rxf3 Kg7 46.
Rf5 Rxa2+ 47.Kg3 Re2 48.Rf3 Re5 49.Rc3 Rf5 50.Kg4 Kg6 51.Rc4 h5+ 52.Kh4 
Kf6 53.Re4 Rxc5 54.Re8 Rf5 55.Rc8 c5 56.Rc6+ Ke7 57.Ra6 Kd7 58.Rg6 Kc7 59.
Ra6 Kb7 60.Re6 c4 61.Re4 Rc5 62.Re2 Rc6 63.Kg3 c3 64.Rc2 Kb6 0-1

[Event "9th Lost Boys op"]
[Site "Amsterdam NED"]
[Date "2001.08.17"]
[Round "7"]
[White "Gustafsson, Jan"]
[Black "Van Blitterswijk, Stefan"]
[Result "1/2-1/2"]
[WhiteElo "2535"]
[BlackElo "2380"]
[EventDate "2001.08.10"]
[PlyCount "71"]

1.d4 d5 2.c4 e6 3.Nc3 Be7 4.Nf3 Nf6 5.Bg5 h6 6.Bh4 O-O 7.e3 b6 8.Qb3 Bb7 
9.Bxf6 Bxf6 10.cxd5 exd5 11.Rd1 Re8 12.Bd3 c5 13.dxc5 Nd7 14.c6 Bxc6 15.
O-O Nc5 16.Qa3 Ne6 17.Bb5 Bxb5 18.Nxb5 Qd7 19.Nc3 Bxc3 20.Qxc3 Qa4 21.Qb3 
Qxb3 22.axb3 Red8 23.Rd2 Rac8 24.Rfd1 Rc5 25.g3 Rb5 26.Rd3 a5 27.Kg2 Kf8 
28.h3 Nc5 29.Nd4 Nxd3 30.Nxb5 Nc5 31.Nd4 Rc8 32.Rc1 g6 33.g4 Ke7 34.Kf3 
Kd7 35.Rd1 Ne6 36.h4 1/2-1/2

[Event "9th Lost Boys op"]
[Site "Amsterdam NED"]
[Date "2001.08.17"]
[Round "7"]
[White "Van der Wiel, John"]
[Black "Blees, Albert"]
[Result "1-0"]
[WhiteElo "2498"]
[BlackElo "2377"]
[EventDate "2001.08.10"]
[PlyCount "37"]

1.e4 c5 2.Nf3 d6 3.d4 cxd4 4.Nxd4 Nf6 5.Nc3 a6 6.a4 g6 7.Be2 Bg7 8.O-O O-O
9.Be3 Nc6 10.f4 Bd7 11.Nb3 Rc8 12.a5 Qc7 13.Nd5 Nxd5 14.exd5 Nb4 15.c4 
Bxb2 16.Rb1 Ba3 17.Bb6 Qb8 18.Nd4 Na2 19.Qb3 1-0

[Event "9th Lost Boys op"]
[Site "Amsterdam NED"]
[Date "2001.08.17"]
[Round "7"]
[White "De Vreugt, Dennis"]
[Black "Stellwagen, Daniel"]
[Result "1-0"]
[WhiteElo "2429"]
[BlackElo "2337"]
[EventDate "2001.08.10"]
[PlyCount "71"]

1.e4 e6 2.d4 d5 3.Nc3 Nf6 4.Bg5 dxe4 5.Nxe4 Be7 6.Bxf6 gxf6 7.Nc3 c6 8.g3 
Nd7 9.Bg2 f5 10.Qe2 Nf6 11.Nf3 Bd7 12.Ne5 Bd6 13.O-O-O Qe7 14.Na4 O-O-O 
15.Rd3 Nd5 16.c4 Nb6 17.c5 Bxe5 18.Nxb6+ axb6 19.Qxe5 f6 20.Qe3 bxc5 21.
dxc5 e5 22.Rhd1 Be6 23.Rd6 Kc7 24.a3 Ra8 25.f4 e4 26.Qd4 h5 27.Bf1 Raf8 
28.Qb4 Ra8 29.Qb6+ Kc8 30.Bb5 cxb5 31.Rxe6 Qc7 32.Qxb5 Kb8 33.Rb6 Rc8 34.
Kb1 Ra7 35.Rd7 Qxc5 36.Rdxb7+ 1-0

[Event "9th Lost Boys op"]
[Site "Amsterdam NED"]
[Date "2001.08.17"]
[Round "7"]
[White "Wintzer, Joachim"]
[Black "Solleveld, Maarten"]
[Result "1/2-1/2"]
[WhiteElo "2378"]
[BlackElo "2427"]
[EventDate "2001.08.10"]
[PlyCount "101"]

1.d4 Nf6 2.c4 g6 3.Nc3 Bg7 4.e4 d6 5.f3 O-O 6.Be3 e5 7.d5 c6 8.Bd3 cxd5 9.
cxd5 Nh5 10.Nge2 f5 11.exf5 gxf5 12.O-O Nd7 13.Kh1 Nc5 14.Bc2 a5 15.a3 Bd7
16.b4 axb4 17.axb4 Na6 18.Rb1 Rc8 19.b5 Nc5 20.b6 Kh8 21.Qd2 Ra8 22.Bg5 
Bf6 23.Bxf6+ Qxf6 24.f4 Qh6 25.Rf3 Rg8 26.Qe3 Qg7 27.Rg1 e4 28.Rff1 Nf6 
29.h3 Ra3 30.Qd4 Ra6 31.Rb1 Nh5 32.Qd2 Ra3 33.g3 Rc8 34.Rbc1 Rca8 35.Kh2 
Nf6 36.Rb1 h6 37.Rge1 Be8 38.Rg1 Bd7 39.Rge1 R8a5 40.Rg1 Ra6 41.Kh1 Ra8 
42.Kh2 Be8 43.Rg2 Bd7 44.Kh1 Ra1 45.Rgg1 Rxb1 46.Rxb1 Ra6 47.Kh2 Kh7 48.
Nd1 Ra2 49.Ndc3 Ra3 50.Qc1 Ra6 51.Qd2 1/2-1/2

[Event "9th Lost Boys op"]
[Site "Amsterdam NED"]
[Date "2001.08.17"]
[Round "7"]
[White "Sinz, Bernhard"]
[Black "Nep, Ron"]
[Result "1/2-1/2"]
[WhiteElo "2188"]
[BlackElo "2424"]
[EventDate "2001.08.10"]
[PlyCount "61"]

1.e4 c6 2.d4 d5 3.Nd2 dxe4 4.Nxe4 Nd7 5.Bc4 Ngf6 6.Ng5 e6 7.Qe2 Nb6 8.Bd3 
h6 9.N5f3 c5 10.dxc5 Bxc5 11.Ne5 Qc7 12.Ngf3 O-O 13.Bd2 Nbd7 14.O-O-O Bd6 
15.Rhe1 Nxe5 16.Nxe5 Bxe5 17.Qxe5 Qxe5 18.Rxe5 Bd7 19.Rg1 Nd5 20.f4 f6 21.
Re2 b5 22.g4 g5 23.Be4 Bc6 24.fxg5 hxg5 25.h4 gxh4 26.Rh2 Kg7 27.Rxh4 Rh8 
28.Rgh1 Rxh4 29.Rxh4 Rh8 30.Rxh8 Kxh8 31.Bxd5 1/2-1/2

[Event "9th Lost Boys op"]
[Site "Amsterdam NED"]
[Date "2001.08.17"]
[Round "7"]
[White "Dutreeuw, Marc"]
[Black "Bezemer, Arno"]
[Result "0-1"]
[WhiteElo "2390"]
[BlackElo "2296"]
[EventDate "2001.08.10"]
[PlyCount "76"]

1.e4 c5 2.Nf3 d6 3.d4 cxd4 4.Nxd4 Nf6 5.Nc3 a6 6.Be3 Ng4 7.Bg5 h6 8.Bh4 g5
9.Bg3 Bg7 10.h3 Nf6 11.Bc4 Qb6 12.O-O O-O 13.Re1 Qxb2 14.Na4 Qb4 15.Bb3 e5
16.Nf5 Bxf5 17.exf5 Nc6 18.Rb1 Qd4 19.Nb6 Qxd1 20.Rbxd1 Rad8 21.c3 Ne7 22.
Bc2 Rfe8 23.Ba4 Nc6 24.Re2 Bf8 25.Kf1 d5 26.Bxc6 bxc6 27.Rxe5 Ne4 28.Rxe8 
Rxe8 29.c4 Bc5 30.Nd7 dxc4 31.Be5 c3 32.Nf6+ Nxf6 33.Bxf6 c2 34.Rc1 Bb4 
35.Bb2 Bd2 36.Ra1 Rb8 37.Ke2 Rxb2 38.Kxd2 Rb1 0-1

[Event "9th Lost Boys op"]
[Site "Amsterdam NED"]
[Date "2001.08.17"]
[Round "7"]
[White "Afek, Yochanan"]
[Black "Giddins, Stephen"]
[Result "1/2-1/2"]
[WhiteElo "2381"]
[BlackElo "2286"]
[EventDate "2001.08.10"]
[PlyCount "80"]

1.e4 e6 2.d4 d5 3.e5 c5 4.c3 Nc6 5.Nf3 Bd7 6.a3 c4 7.Be3 Na5 8.Nbd2 Bc6 9.
h4 Qd7 10.h5 h6 11.Nh4 Ba4 12.Qb1 O-O-O 13.f4 Be7 14.Bf2 Bxh4 15.Bxh4 Re8 
16.g4 Kb8 17.Bh3 Qb5 18.O-O Ne7 19.f5 Nec6 20.f6 gxf6 21.Bxf6 Rhg8 22.g5 
Nb3 23.Nxb3 Qxb3 24.Rf2 Nxd4 25.Kh2 Nc2 26.gxh6 Nxa1 27.Qxa1 Qb6 28.Qe1 
Bd1 29.h7 Rgf8 30.Rg2 Bf3 31.Qf2 Qxf2 32.Rxf2 Bxh5 33.Rg2 Bg6 34.Bxe6 Rxe6
35.h8=Q Rxh8+ 36.Bxh8 Kc7 37.Bf6 Kd7 38.Kg3 Rb6 39.Kf4 Ke6 40.Ke3 Rc6 
1/2-1/2

[Event "9th Lost Boys op"]
[Site "Amsterdam NED"]
[Date "2001.08.17"]
[Round "7"]
[White "Grooten, Herman"]
[Black "Witt, Rob"]
[Result "1-0"]
[WhiteElo "2374"]
[BlackElo "2280"]
[EventDate "2001.08.10"]
[PlyCount "57"]

1.d4 d5 2.c4 Nc6 3.cxd5 Qxd5 4.e3 e5 5.Nc3 Bb4 6.Bd2 Bxc3 7.bxc3 Qd6 8.Bd3
Nge7 9.Qb1 b6 10.Ne2 f5 11.f3 O-O 12.O-O Be6 13.Be1 h6 14.Bf2 Rad8 15.Qc2 
Na5 16.c4 c5 17.d5 Bd7 18.Be1 Nb7 19.a4 a5 20.Bc3 Nc8 21.Ng3 g6 22.Bb2 Rf7
23.Qc3 Re8 24.f4 Rfe7 25.e4 Nd8 26.exf5 gxf5 27.Nxf5 Bxf5 28.Bxf5 Nf7 29.
Rae1 1-0

[Event "9th Lost Boys op"]
[Site "Amsterdam NED"]
[Date "2001.08.17"]
[Round "7"]
[White "Van Beek, Lucien"]
[Black "l`Ami, Erwin"]
[Result "0-1"]
[WhiteElo "2369"]
[BlackElo "2275"]
[EventDate "2001.08.10"]
[PlyCount "74"]

1.e4 c5 2.Nf3 d6 3.d4 cxd4 4.Nxd4 Nf6 5.Nc3 a6 6.Be3 e5 7.Nb3 Be6 8.f3 
Nbd7 9.Qd2 b5 10.g4 Nb6 11.Bxb6 Qxb6 12.g5 Nh5 13.a4 b4 14.Nd5 Bxd5 15.a5 
Qa7 16.exd5 Be7 17.Bd3 Nf4 18.h4 h6 19.g6 fxg6 20.O-O-O O-O 21.Kb1 Nxd3 
22.Qxd3 g5 23.Rdg1 Rf4 24.hxg5 Bxg5 25.Rxg5 hxg5 26.Qh7+ Kf7 27.Rh6 Rh4 
28.Rxh4 gxh4 29.Qxh4 Qb7 30.Qe4 Kg8 31.f4 Re8 32.Nd4 Qf7 33.Ne6 exf4 34.
Qf3 Qf5 35.Qg2 g6 36.Nd4 Qe4 37.Nf3 b3 0-1

[Event "9th Lost Boys op"]
[Site "Amsterdam NED"]
[Date "2001.08.17"]
[Round "7"]
[White "De Jong, Migchiel"]
[Black "Peelen, Piet"]
[Result "1/2-1/2"]
[WhiteElo "2273"]
[BlackElo "2359"]
[EventDate "2001.08.10"]
[PlyCount "111"]

1.Nf3 c5 2.e4 d6 3.d4 cxd4 4.Nxd4 Nf6 5.Nc3 Nc6 6.g3 Bg4 7.f3 Bd7 8.Be3 g6
9.Qd2 Bg7 10.g4 Rc8 11.Nxc6 bxc6 12.h4 Rb8 13.h5 Rf8 14.Bc4 Be6 15.Bb3 Nd7
16.hxg6 hxg6 17.Rh7 Ne5 18.Qe2 Rh8 19.Rxh8+ Bxh8 20.O-O-O Qa5 21.Rh1 Kd7 
22.Rh7 g5 23.Bxe6+ Kxe6 24.a3 Bf6 25.f4 gxf4 26.Bxf4 Qc5 27.Be3 Qc4 28.Qf2
Kd7 29.Bd2 Nxg4 30.Qxa7+ Kc8 31.Nd1 Rb7 32.Qg1 Qxe4 33.Rxf7 Ne5 34.Qg8+ 
Kc7 35.Ba5+ Kd7 36.Rxf6 exf6 37.Qg7+ Nf7 38.Qxf7+ Qe7 39.Qc4 d5 40.Qa6 Rb5
41.Bb4 Qe5 42.Qa7+ Qc7 43.Qf2 Qe5 44.Bc3 Qg5+ 45.Bd2 Qe5 46.Bf4 Qe4 47.Bh2
Ke6 48.b3 d4 49.Kb2 Rf5 50.Qg3 Qe2 51.Qg8+ Ke7 52.Qh7+ Ke6 53.Qg8+ Ke7 54.
Qh7+ Ke6 55.Qg8+ Ke7 56.Qh7+ 1/2-1/2

[Event "9th Lost Boys op"]
[Site "Amsterdam NED"]
[Date "2001.08.17"]
[Round "7"]
[White "Bachofner, Andreas"]
[Black "Van der Hoeven, Gert-Jan"]
[Result "1/2-1/2"]
[WhiteElo "2261"]
[BlackElo "2356"]
[EventDate "2001.08.10"]
[PlyCount "53"]

1.Nf3 Nf6 2.b3 d6 3.d4 g6 4.Bb2 Bg7 5.e3 O-O 6.Be2 c5 7.O-O Ne4 8.c4 Nc6 
9.Nc3 Nxc3 10.Bxc3 cxd4 11.Nxd4 Bd7 12.Qd2 Qb6 13.Rfd1 Rfc8 14.Rac1 a5 15.
Nb5 Bxc3 16.Nxc3 Be6 17.Na4 Qa7 18.Qb2 Nb4 19.h4 h5 20.Bf3 Rab8 21.Nc3 Na6
22.Bd5 Nc5 23.Bxe6 Nxe6 24.Rd5 Nc7 25.Rg5 Ne6 26.Rd5 Nc7 27.Rg5 1/2-1/2

[Event "9th Lost Boys op"]
[Site "Amsterdam NED"]
[Date "2001.08.17"]
[Round "7"]
[White "Bosboom-Lanchava, Tea"]
[Black "Schuurman, Petra"]
[Result "1-0"]
[WhiteElo "2345"]
[BlackElo "2235"]
[EventDate "2001.08.10"]
[PlyCount "93"]

1.d4 Nf6 2.c4 c5 3.d5 b5 4.cxb5 a6 5.bxa6 g6 6.Nc3 Bxa6 7.Nf3 Bg7 8.g3 d6 
9.Bg2 Nbd7 10.O-O O-O 11.Qc2 Nb6 12.Rd1 Bc8 13.e4 Bg4 14.h3 Bxf3 15.Bxf3 
Qd7 16.Bg2 Na4 17.Bd2 c4 18.b4 cxb3 19.axb3 Nxc3 20.Bxc3 Rac8 21.Rd3 Qb5 
22.Qd2 Rxc3 23.Rxc3 Nxe4 24.Bxe4 Qb4 25.Bxg6 Qxc3 26.Qxc3 Bxc3 27.Rc1 Bb2 
28.Rc2 hxg6 29.Rxb2 Rb8 30.b4 Rb5 31.Kg2 Rxd5 32.b5 Rc5 33.b6 Rc8 34.Kf3 
Kf8 35.h4 Ke8 36.g4 Kd7 37.b7 Rb8 38.Kf4 e5+ 39.Kg5 Ke6 40.Rb6 e4 41.Kf4 
Kd7 42.h5 gxh5 43.gxh5 Kc7 44.Rb1 d5 45.h6 f5 46.h7 d4 47.Rc1+ 1-0

[Event "9th Lost Boys op"]
[Site "Amsterdam NED"]
[Date "2001.08.17"]
[Round "7"]
[White "Smeets, Jan"]
[Black "Happel, Hendrik"]
[Result "1-0"]
[WhiteElo "2311"]
[BlackElo "2218"]
[EventDate "2001.08.10"]
[PlyCount "79"]

1.e4 e6 2.d4 d5 3.e5 Ne7 4.Nf3 b6 5.c3 Qd7 6.a4 a5 7.Na3 Ba6 8.Bxa6 Nxa6 
9.O-O c5 10.Nb5 Nc6 11.Bf4 Be7 12.Nd6+ Bxd6 13.exd6 O-O 14.Bg3 Qb7 15.c4 
Nxd4 16.Nxd4 cxd4 17.Qxd4 Nb4 18.Rac1 f6 19.cxd5 Nxd5 20.Qe4 Qd7 21.Rc4 f5
22.Qe5 f4 23.Rxf4 Nxf4 24.Bxf4 Rac8 25.Bg3 Rc5 26.Qd4 Rfc8 27.h3 R8c6 28.
Re1 Rc4 29.Qe5 Kf7 30.Re4 Rc1+ 31.Kh2 R1c5 32.Qd4 Rd5 33.Qe3 Rdxd6 34.Bxd6
Qxd6+ 35.g3 Rc5 36.b3 Rd5 37.h4 Rd3 38.Rf4+ Kg8 39.Qe4 Qd5 40.b4 1-0

[Event "9th Lost Boys op"]
[Site "Amsterdam NED"]
[Date "2001.08.17"]
[Round "7"]
[White "Roobol, Martin"]
[Black "Larsen, Karsten"]
[Result "1-0"]
[WhiteElo "2261"]
[BlackElo "2300"]
[EventDate "2001.08.10"]
[PlyCount "92"]

1.e4 e5 2.Nf3 Nc6 3.Bc4 Bc5 4.c3 Nf6 5.d3 d6 6.Nbd2 O-O 7.h3 Na5 8.b4 Nxc4
9.Nxc4 Bb6 10.a4 c6 11.Nxb6 Qxb6 12.Bg5 Nd7 13.Nh4 f6 14.Be3 Qc7 15.Nf5 
Nb8 16.Qb3+ Kh8 17.g4 d5 18.b5 Be6 19.Qb4 Rg8 20.O-O Bxf5 21.gxf5 Nd7 22.
bxc6 Qxc6 23.Rfb1 g6 24.fxg6 Rxg6+ 25.Kh2 Rag8 26.Rg1 dxe4 27.Rxg6 Rxg6 
28.Qxe4 Qc7 29.Rg1 Rxg1 30.Kxg1 a6 31.Qd5 Kg7 32.Qe6 Nf8 33.Qg4+ Ng6 34.h4
Kf7 35.h5 Nf8 36.Bh6 Ke8 37.Qg8 Qf7 38.Qh8 Ke7 39.Bxf8+ Qxf8 40.Qxh7+ Ke6 
41.Qxb7 Qh6 42.Qxa6+ Ke7 43.Qb7+ Kd6 44.Qb4+ Kc7 45.Qg4 Qc1+ 46.Kg2 Qxc3 
1-0

[Event "9th Lost Boys op"]
[Site "Amsterdam NED"]
[Date "2001.08.17"]
[Round "7"]
[White "Van Delft, Merijn"]
[Black "Riemens, Albert"]
[Result "0-1"]
[WhiteElo "2336"]
[BlackElo "2209"]
[EventDate "2001.08.10"]
[PlyCount "78"]

1.e4 c5 2.Nf3 d6 3.d4 cxd4 4.Nxd4 Nf6 5.Nc3 Nc6 6.Bg5 e6 7.Qd2 a6 8.O-O-O 
h6 9.Be3 Be7 10.f3 Nxd4 11.Bxd4 e5 12.Be3 Be6 13.Kb1 Rc8 14.Nd5 Nxd5 15.
exd5 Bd7 16.Bd3 Bg5 17.f4 exf4 18.Bxf4 O-O 19.h4 Bf6 20.Qb4 Bb5 21.c4 Bd7 
22.Bxd6 Re8 23.c5 Bb5 24.Bxb5 axb5 25.Qxb5 Re4 26.g3 Ra8 27.Rh2 Rea4 28.b3
R4a5 29.Qb4 Qd7 30.Re1 Rb5 31.Qc4 b6 32.Rc2 bxc5 33.Bxc5 Rc8 34.Qa4 Qb7 
35.Rec1 Ra8 36.Ba7 Rxa7 37.Rc8+ Kh7 38.Qe4+ g6 39.R1c6 Bg7 0-1

[Event "9th Lost Boys op"]
[Site "Amsterdam NED"]
[Date "2001.08.17"]
[Round "7"]
[White "Lorscheid, Gerhard"]
[Black "Nemet, Ivan"]
[Result "0-1"]
[WhiteElo "2319"]
[BlackElo "2427"]
[EventDate "2001.08.10"]
[PlyCount "98"]

1.d4 Nf6 2.c4 c5 3.d5 b5 4.cxb5 a6 5.b6 d6 6.Nc3 Nbd7 7.e4 g6 8.a4 Qxb6 9.
a5 Qb7 10.Nf3 Bg7 11.Be2 O-O 12.O-O Ne8 13.Ra3 Qb8 14.Nd2 Nc7 15.Rb3 Qa7 
16.Nc4 Nb5 17.Na4 Nf6 18.e5 Ne8 19.Bf4 Bf5 20.exd6 exd6 21.Bd3 Bxd3 22.
Rxd3 h6 23.Nab6 g5 24.Bd2 f5 25.h4 g4 26.Bf4 Rd8 27.Qd2 Nf6 28.f3 gxf3 29.
gxf3 Kh7 30.Re3 Nh5 31.Re2 Rg8 32.Kh1 Nd4 33.Ree1 Bf8 34.Bh2 Qf7 35.Qf2 f4
36.Rg1 Be7 37.Rg4 Nf5 38.Qc2 Kh8 39.Re6 Qh7 40.Qc3+ Nd4 41.Re1 Bf6 42.Reg1
Ng3+ 43.Bxg3 Rxg4 44.fxg4 Qe4+ 45.Rg2 fxg3 46.Qxg3 Nf3 47.Rf2 Ne5+ 48.Qg2 
Nxg4 49.Re2 Qf4 0-1

[Event "9th Lost Boys op"]
[Site "Amsterdam NED"]
[Date "2001.08.17"]
[Round "7"]
[White "Ree, Hans"]
[Black "Wuts, Frank"]
[Result "1-0"]
[WhiteElo "2421"]
[BlackElo "2315"]
[EventDate "2001.08.10"]
[PlyCount "83"]

1.c4 e5 2.Nc3 Nf6 3.g3 Be7 4.Bg2 c6 5.e4 d6 6.d4 Qc7 7.Nf3 O-O 8.O-O Bg4 
9.h3 Bh5 10.Be3 h6 11.Qc2 Nh7 12.d5 Nd7 13.b4 c5 14.a3 Rfc8 15.Nd2 cxb4 
16.axb4 Nb6 17.Nb5 Qb8 18.Nxa7 Rxa7 19.Bxb6 Ra6 20.Rxa6 bxa6 21.Ba5 Nf6 
22.Qd3 Qa7 23.Nb3 Nd7 24.Rc1 Bg6 25.Rc2 Qb8 26.h4 Nf6 27.f3 Qa7+ 28.Kh1 
Nh5 29.Kh2 Rf8 30.b5 f5 31.b6 Qb8 32.c5 dxc5 33.Nxc5 fxe4 34.fxe4 Nf6 35.
Ne6 Ng4+ 36.Kg1 Rc8 37.Bf3 Nf6 38.Rc7 Rxc7 39.bxc7 Qc8 40.d6 Bf8 41.Nxf8 
Kxf8 42.d7 1-0

[Event "9th Lost Boys op"]
[Site "Amsterdam NED"]
[Date "2001.08.17"]
[Round "7"]
[White "Peek, Marcel"]
[Black "Van Kooten, Luuk"]
[Result "1/2-1/2"]
[WhiteElo "2345"]
[BlackElo "2255"]
[EventDate "2001.08.10"]
[PlyCount "129"]

1.d4 Nf6 2.Nf3 g6 3.c4 Bg7 4.Nc3 d5 5.cxd5 Nxd5 6.e4 Nxc3 7.bxc3 c5 8.Rb1 
O-O 9.Be2 cxd4 10.cxd4 Qa5+ 11.Qd2 Qxd2+ 12.Bxd2 b6 13.O-O Bb7 14.d5 Rc8 
15.Rfc1 Na6 16.Be3 Rxc1+ 17.Rxc1 Rc8 18.Rxc8+ Bxc8 19.Nd4 Nb8 20.Nb5 a6 
21.Na7 Bb7 22.Bxb6 Be5 23.f3 Kf8 24.Kf2 e6 25.Nc6 Nxc6 26.dxc6 Bxc6 27.
Bxa6 f5 28.exf5 exf5 29.g3 Bd6 30.f4 Ba3 31.Bc4 Ke7 32.Ke3 Kd6 33.Bd4 Bd5 
34.Kd3 Kc6 35.Kc3 Bb2+ 36.Kd3 Be4+ 37.Ke3 Bc1+ 38.Ke2 Bd5 39.Bxd5+ Kxd5 
40.Kd3 Ba3 41.Be3 h5 42.Bf2 Bb4 43.a4 Ba5 44.Be3 Be1 45.Bd2 Bf2 46.Be3 Be1
47.Bb6 Kc6 48.a5 h4 49.gxh4 Bxh4 50.Be3 Kb5 51.Bd2 Bf6 52.a6 Kxa6 53.Kc4 
Bd8 54.Kc5 Bb6+ 55.Kc6 Bg1 56.h3 Bh2 57.Kc5 Bg3 58.Bc1 Bh2 59.Kc6 Ka5 60.
Kc5 Ka4 61.Kc4 Bg3 62.Kc3 Bh2 63.Kc4 Bg3 64.Kc3 Bh2 65.Kc4 1/2-1/2

[Event "9th Lost Boys op"]
[Site "Amsterdam NED"]
[Date "2001.08.17"]
[Round "7"]
[White "Vedder, Richard"]
[Black "Day, Lawrence"]
[Result "1-0"]
[WhiteElo "2220"]
[BlackElo "2367"]
[EventDate "2001.08.10"]
[PlyCount "78"]

1.e4 e5 2.Nf3 Nc6 3.Bb5 Qe7 4.O-O Nd8 5.d4 c6 6.Bd3 f6 7.c4 g6 8.Nc3 Nh6 
9.d5 Ndf7 10.Ne1 g5 11.Be3 d6 12.b4 Bg7 13.dxc6 bxc6 14.b5 c5 15.Nd5 Qb7 
16.a4 O-O 17.Nc2 Be6 18.Bd2 Bxd5 19.cxd5 f5 20.Na3 f4 21.Nc4 g4 22.f3 gxf3
23.Qxf3 Qe7 24.a5 Qh4 25.Be1 Qg4 26.Rb1 Qxf3 27.gxf3 Bf6 28.Rf2 Kh8 29.Bf1
Rg8+ 30.Bg2 Bh4 31.Rfb2 Bxe1 32.Rxe1 Rgd8 33.Reb1 Kg7 34.b6 axb6 35.axb6 
Ra4 36.Bf1 Rb8 37.b7 Ra7 38.Rb5 Kf6 39.Na5 Ng5 1-0

[Event "9th Lost Boys op"]
[Site "Amsterdam NED"]
[Date "2001.08.17"]
[Round "7"]
[White "Kohler, Aran"]
[Black "Hopman, Pieter"]
[Result "1/2-1/2"]
[WhiteElo "2362"]
[BlackElo "2215"]
[EventDate "2001.08.10"]
[PlyCount "90"]

1.d4 Nf6 2.c4 c5 3.d5 b5 4.cxb5 a6 5.bxa6 g6 6.Nc3 Bxa6 7.e4 Bxf1 8.Kxf1 
d6 9.Nge2 Bg7 10.g3 O-O 11.Kg2 Nbd7 12.f3 Qa5 13.Qc2 Rfb8 14.Rb1 Ne8 15.
Bg5 Kf8 16.h4 Nc7 17.h5 Nb5 18.hxg6 hxg6 19.Bh6 Bxh6 20.Rxh6 Kg7 21.Rbh1 
Rh8 22.Rxh8 Rxh8 23.Rxh8 Kxh8 24.Nxb5 Qxb5 25.Nc3 Qb4 26.a3 Qb6 27.Nd1 Nf6
28.Ne3 Qa5 29.Qc3 Qa4 30.Nc2 Kh7 31.b3 Qa6 32.Kf2 Nd7 33.a4 Ne5 34.Na3 Qc8
35.g4 g5 36.Nc4 Ng6 37.e5 Nf4 38.exd6 exd6 39.Nxd6 Qa6 40.Qc2+ Kg8 41.Nf5 
Qf6 42.d6 Qh8 43.Qd1 Qb2+ 44.Ke3 Qc3+ 45.Kf2 Qb2+ 1/2-1/2

[Event "9th Lost Boys op"]
[Site "Amsterdam NED"]
[Date "2001.08.17"]
[Round "7"]
[White "Van de Vegt, Lenze"]
[Black "Mellegers, Joost"]
[Result "0-1"]
[WhiteElo "2167"]
[BlackElo "2308"]
[EventDate "2001.08.10"]
[PlyCount "92"]

1.e4 c5 2.Nf3 d6 3.d4 cxd4 4.Nxd4 Nf6 5.Nc3 Nc6 6.Bg5 e6 7.Qd2 Be7 8.O-O-O
Nxd4 9.Qxd4 O-O 10.f4 Qa5 11.Bd3 h6 12.Bh4 e5 13.fxe5 dxe5 14.Qa4 Qxa4 15.
Nxa4 Bg4 16.Rd2 Rac8 17.Rf1 Nxe4 18.Bxe7 Nxd2 19.Kxd2 Rfe8 20.Bh4 e4 21.
Bb5 Re5 22.Nc3 e3+ 23.Kd3 g5 24.Bg3 Rd8+ 25.Kc4 Rf5 26.Rxf5 Bxf5 27.Kb3 
Rd2 28.Be2 Bxc2+ 29.Kc4 Bf5 30.b3 Be6+ 31.Kb4 f5 32.Be1 Rd8 33.h3 b6 34.
Bf3 Kh7 35.Nd1 f4 36.Nc3 Kg6 37.Kb5 h5 38.Kc6 g4 39.hxg4 hxg4 40.Be4+ Bf5 
41.Bd5 Kg5 42.Ne2 Rc8+ 43.Kd6 Rc2 44.Nd4 Rc1 45.Bb4 a5 46.Ba3 Rd1 0-1

[Event "9th Lost Boys op"]
[Site "Amsterdam NED"]
[Date "2001.08.17"]
[Round "7"]
[White "Cruz-Lopez Claret, Carlos"]
[Black "Pel, Bonno"]
[Result "1-0"]
[WhiteElo "2297"]
[BlackElo "2191"]
[EventDate "2001.08.10"]
[PlyCount "75"]

1.d4 d6 2.c4 g6 3.Nc3 Nf6 4.e4 Bg7 5.f4 O-O 6.Nf3 Na6 7.e5 Nd7 8.Be2 c5 9.
exd6 exd6 10.d5 Nf6 11.O-O Re8 12.Bd3 Bf5 13.Bxf5 gxf5 14.Bd2 Ne4 15.Be1 
Qf6 16.Nh4 Nb4 17.Qh5 Qd4+ 18.Kh1 Qxc4 19.Rf3 Nc2 20.Nxf5 Nxa1 21.Qg4 Ng5 
22.Bd2 Re5 23.Qxg5 Rxf5 24.Qxf5 Qd4 25.Be3 Qb4 26.Rg3 Kh8 27.Qxf7 Rg8 28.
f5 Qh4 29.Bg5 Qc4 30.h3 Rf8 31.Qxf8+ Bxf8 32.Bf6+ Bg7 33.Rxg7 h5 34.Ne4 
Qf1+ 35.Kh2 Qf4+ 36.Rg3+ Kh7 37.Ng5+ Kh6 38.Bg7+ 1-0

[Event "9th Lost Boys op"]
[Site "Amsterdam NED"]
[Date "2001.08.17"]
[Round "7"]
[White "Soderberg, Per"]
[Black "Marechal, Andy"]
[Result "0-1"]
[WhiteElo "2264"]
[BlackElo "2371"]
[EventDate "2001.08.10"]
[PlyCount "80"]

1.e4 e6 2.d4 d5 3.Nc3 Nf6 4.Bg5 Be7 5.e5 Nfd7 6.Bxe7 Qxe7 7.f4 O-O 8.Nf3 
c5 9.Qd2 Nc6 10.dxc5 Qxc5 11.O-O-O Nb6 12.g4 Bd7 13.Nd4 Rac8 14.Nb3 Qe7 
15.h4 f6 16.exf6 Qxf6 17.f5 exf5 18.g5 Qe7 19.Bg2 d4 20.Nxd4 Nxd4 21.Qxd4 
Bc6 22.Rhe1 Qf7 23.Bh3 Rce8 24.Re5 Rxe5 25.Qxe5 g6 26.Bf1 Re8 27.Qd4 Bf3 
28.Rd3 Re1+ 29.Kd2 Rxf1 30.Qd8+ Qf8 31.Qc7 Nd5 32.Qc4 Qb4 33.Qc8+ Kf7 34.
Rxd5 Rd1+ 35.Ke3 Rxd5 36.Kxf3 Qg4+ 37.Ke3 Qg3+ 38.Ke2 Re5+ 39.Kd2 Qe3+ 40.
Kd1 Qe1# 0-1